000
00310nam a2200145Ia 4500
100
_a
Dynalog micro system
942
_c
BK
654
_a
computer
245
_a
Operating Manual for Microfriend I
260
_b
DMS
_a
New Delhi
082
_a
4.16
_b
DMS
300
_a
166
546
_a
ENGLISH
999
_c
20384
_d
20384